000 00636nam a2200241Ia 4500
003 OSt
005 20220918221743.0
006 a|||||r|||| 00| 0
007 ta
008 220917b |||||||| |||| 00| 0 eng d
024 _a202,645
037 _cTextual
040 _aARTS
_cARTS
_beng
041 _2eng
_aeng
082 _aY:55, P0
100 _aClarke John I
245 0 _aHuman dichotomy
_b the changing numbers of males and females
260 _aAmsterdam
_bPergamon
_c2000
300 _axiv, 146p
_ccm.
650 _aSOCIOLOGY
942 _hY:55, P0
_cTEXL
_2CC
999 _c273503
_d273503